Stephen King - Censored! Quiz Stats

Quiz Updated Aug 20, 2012

Challenge
Share
Tweet
Score 0/15 Timer 03:00
1 Play Today
% Correct
It
79.3%
Pet Sematary
70.6%
Cujo
69.2%
Fire Starter
66.3%
Carrie
61%
The Tommyknockers
52.9%
Needful Things
35%
From a Buick 8
31.7%
% Correct
Insomnia
28.6%
Dolores Claiborne
26.4%
Bag of Bones
26%
The Eyes of the Dragon
25.6%
The Girl Who Loved Tom Gordon
21.5%
Skeleton Crew
17.3%
The Dark Half
10.2%

You're not logged in!

Compare scores with friends on all Sporcle quizzes.
Sign Up with Email
OR
Log In

You Might Also Like...

Show Comments

Extras

Top Quizzes Today


Score Distribution

Your Account Isn't Verified!

In order to create a playlist on Sporcle, you need to verify the email address you used during registration. Go to your Sporcle Settings to finish the process.

Report this User

Report this user for behavior that violates our Community Guidelines.

Details: